Statistics for All World Capitals - by closest capital cities

Click here to take the quiz!

General Stats

  • This quiz has been taken 38 times
  • The average score is 75 of 196

Answer Stats

CLOSEST CAPITAL CLOSEST CAPITAL CLOSEST CAPITAL CLOSEST CAPITAL CLOSEST CAPITAL CAPITAL CITY % Correct
Andorra la VellaLisbonAlgiersRabatMonacoMadrid
87%
AmmanDamascusBeirutNicosiaCairoJerusalem
87%
AmsterdamLuxembourgParisLondonBernBrussels
87%
Abu DhabiDohaManamaRiyadhKuwait CityMuscat
87%
AsuncionLimaSantiagoBuenos AiresBrasiliaSucre
78%
AsuncionSucreMontevideoBuenos AiresParamariboBrasilia
78%
BakuAshgabatBaghdadKuwait CityYerevanTehran
74%
BanjulBissauNouakchottPraiaConakryDakar
74%
BratislavaBudapestPragueZagrebLjubljanaVienna
74%
BrusselsLuxembourgLondonAmsterdamBernParis
74%
BrusselsParisAmsterdamDublinLuxembourgLondon
74%
BrusselsLuxembourgLondonParisBerlinAmsterdam
74%
Buenos AiresSucreMontevideoBrasiliaSantiagoAsuncion
70%
Buenos AiresAsuncionSantiagoSucreBrasiliaMontevideo
70%
BrazzavilleLuandaLibrevilleYaoundeBanguiKinshasa
70%
BogotaPanamaSan JoseLimaManaguaQuito
70%
Buenos AiresMontevideoAsuncionSucreLimaSantiago
70%
AsmaraAddis AbabaJubaDjiboutiSanaaKhartoum
70%
AntananarivoDodomaLilongweNairobiHarareMoroni
70%
BratislavaViennaZagrebBelgradeLjubljanaBudapest
65%
BangkokVientianeKuala LumpurHanoiSingaporePhnom Penh
65%
BrusselsParisBernAmsterdamVaduzLuxembourg
65%
CanberraNuku'alofaSuvaPort-VilaApiaWellington
65%
BanjulConakryDakarFreetownNouakchottBissau
65%
AntananarivoVictoriaMoroniLilongweMaputoPort Louis
65%
BernLuxembourgLjubljanaMonacoSan MarinoVaduz
65%
BishkekTashkentDushanbeAshgabatKabulAstana
65%
BerlinOsloStockholmAmsterdamPragueCopenhagen
65%
BujumburaKampalaNairobiJubaDodomaKigali
61%
DamascusAmmanJerusalemNicosiaCairoBeirut
61%
FreetownBissauMonroviaBanjulDakarConakry
61%
Guatemala CityTegucigalpaManaguaBelmopanSan JoseSan Salvador
61%
ChisinauMinskVilniusWarsawBucharestKiev
61%
AccraMonroviaBamakoLomeOuagadougouYamoussoukro
61%
DjiboutiAsmaraAddis AbabaRiyadhKhartoumSanaa
61%
Bandar Seri BegawanMelekeokJakartaPort MoresbyManilaDili
61%
BeirutAmmanJerusalemNicosiaCairoDamascus
61%
BucharestKievSofiaBelgradeBudapestChisinau
61%
DjiboutiAsmaraJubaSanaaKhartoumAddis Ababa
61%
DublinOsloLondonAmsterdamCopenhagenReykjavik
61%
FreetownConakryYamoussoukroBamakoBissauMonrovia
57%
GaboroneMbabaneMaseruMaputoHararePretoria
57%
DushanbeBishkekKabulIslamabadAshgabatTashkent
57%
KampalaDodomaKigaliBujumburaJubaNairobi
57%
KabulDushanbeNew DelhiTashkentBishkekIslamabad
57%
HelsinkiRigaStockholmVilniusMinskTallinn
57%
DohaRiyadhAbu DhabiKuwait CityMuscatManama
57%
IslamabadDushanbeTashkentNew DelhiBishkekKabul
57%
Guatemala CityTegucigalpaSan SalvadorManaguaHavanaBelmopan
57%
HanoiBangkokNay Pyi TawPhnom PenhDhakaVientiane
57%
Guatemala CityBelmopanSan SalvadorTegucigalpaManaguaMexico City
57%
ConakryMonroviaBissauBanjulBamakoFreetown
57%
BasseterreRoseauCastriesKingstownBridgetownSaint John's
57%
IslamabadKathmanduKabulThimphuDushanbeNew Delhi
57%
CastriesSaint John'sKingstownBasseterreBridgetownRoseau
57%
BernSan MarinoVaduzVatican CityRomaMonaco
57%
BeirutDamascusJerusalemAmmanAnkaraNicosia
57%
DohaManamaMuscatRiyadhKuwait CityAbu Dhabi
57%
CastriesSaint George'sBridgetownRoseauPort-of-SpainKingstown
57%
JerusalemDamascusBeirutNicosiaCairoAmman
52%
JerusalemAmmanBeirutNicosiaDamascusCairo
52%
LjubljanaViennaBratislavaSarajevoBudapestZagreb
52%
KinshasaLuandaLibrevilleYaoundeBanguiBrazzaville
52%
KigaliNairobiJubaBujumburaDodomaKampala
52%
Kuala LumpurJakartaPhnom PenhBandar Seri BegawanBangkokSingapore
52%
LisbonMadridAlgiersAndorra la VellaTunisRabat
52%
KampalaKigaliNairobiAddis AbabaBujumburaJuba
52%
KigaliKampalaDodomaNairobiJubaBujumbura
52%
LondonAmsterdamBrusselsParisLuxembourgDublin
52%
ManaguaPanamaTegucigalpaSan SalvadorGuatemala CitySan Jose
52%
BeijingPyongyangSeoulAstanaBishkekUlaanbaatar
52%
DakarBissauNouakchottConakryFreetownBanjul
52%
ColomboVictoriaMuscatNew DelhiDhakaMale
52%
GaboronePretoriaMaseruLusakaMbabaneWindhoek
52%
DhakaKathmanduNay Pyi TawNew DelhiVientianeThimphu
52%
AbujaBanguiYaoundeMalaboNiameyN'Djamena
52%
GeorgetownPort-of-SpainBridgetownSaint George'sKingstownParamaribo
52%
HarareLilongweGaboronePretoriaMbabaneLusaka
52%
DakarBanjulBissauPraiaConakryNouakchott
48%
MadridMonacoAlgiersBernParisAndorra la Vella
48%
LomeAccraAbujaMalaboNiameyPorto-Novo
48%
LomePorto-NovoYamoussoukroOuagadougouNiameyAccra
48%
LusakaLilongweMaputoGaboronePretoriaHarare
48%
MadridRabatAndorra la VellaAlgiersParisLisbon
48%
HavanaKingstonPort-au-PrinceSanto DomingoBelmopanNassau
48%
KingstownPort-of-SpainCastriesBridgetownRoseauSaint George's
48%
KingstownCastriesSaint George'sRoseauPort-of-SpainBridgetown
48%
DakarBanjulNouakchottBissauConakryPraia
48%
Kuwait CityTehranDamascusYerevanAmmanBaghdad
48%
MaleDhakaNay Pyi TawKathmanduBangkokColombo
43%
KinshasaBrazzavilleLibrevilleSao TomeYaoundeLuanda
43%
LibrevilleMalaboYaoundePorto-NovoLomeSao Tome
43%
HarareLusakaDodomaMoroniBujumburaLilongwe
43%
KingstownRoseauBridgetownSaint George'sSaint John'sCastries
43%
MalaboPorto-NovoYaoundeLomeNiameyAbuja
39%
MalaboLibrevilleSao TomeAbujaBanguiYaounde
39%
HoniaraPalikirMelekeokDiliYarenPort Moresby
39%
ManamaAbu DhabiRiyadhKuwait CityMuscatDoha
35%
ManamaDohaKuwait CityAbu DhabiBaghdadRiyadh
35%
MogadishuMoroniPort LouisAntananarivoNairobiVictoria
30%
MinskKievVilniusRigaTallinnMoscow
30%
MontevideoAsuncionSantiagoSucreBrasiliaBuenos Aires
30%
MoroniPort LouisLilongweMaputoHarareAntananarivo
30%
NairobiBujumburaKigaliKampalaLilongweDodoma
30%
MbabanePretoriaMaseruGaboroneHarareMaputo
30%
MinskRigaWarsawTallinnKievVilnius
30%
ManamaRiyadhBaghdadDohaTehranKuwait City
30%
MaputoPretoriaMaseruGaboroneHarareMbabane
30%
PragueCopenhagenWarsawViennaBratislavaBerlin
26%
Porto-NovoAccraYamoussoukroOuagadougouAbujaLome
26%
Port-au-PrinceSanto DomingoNassauHavanaPanamaKingston
26%
PyongyangBeijingTokyoTaipeiUlaanbaatarSeoul
26%
Port-au-PrinceKingstonBasseterreSaint John'sCaracasSanto Domingo
26%
PretoriaMbabaneGaboroneMaputoWindhoekMaseru
26%
PristinaTiranaSofiaPodgoricaBelgradeSkopje
26%
PretoriaMaseruMbabaneMaputoHarareGaborone
26%
PyongyangSeoulUlaanbaatarTaipeiTokyoBeijing
26%
NicosiaBeirutBucharestDamascusAthensAnkara
26%
NassauKingstonBelmopanTegucigalpaPort-au-PrinceHavana
26%
NairobiAddis AbabaDjiboutiVictoriaDodomaMogadishu
26%
MajuroYarenFunafutiPalikirHoniaraTarawa
22%
QuitoSucreBogotaPanamaSantiagoLima
22%
QuitoPanamaCaracasSan JoseKingstonBogota
22%
RomaSan MarinoMonacoLjubljanaZagrebVatican City
22%
TallinnRigaStockholmVilniusMinskHelsinki
22%
TiranaPristinaSarajevoSkopjeBelgradePodgorica
22%
VientianeBangkokNay Pyi TawPhnom PenhDhakaHanoi
22%
San SalvadorBelmopanTegucigalpaManaguaSan JoseGuatemala City
22%
San JoseBogotaManaguaTegucigalpaQuitoPanama
22%
TallinnHelsinkiOsloRigaCopenhagenStockholm
22%
SeoulBeijingTokyoTaipeiUlaanbaatarPyongyang
22%
ThimphuDhakaNew DelhiIslamabadNay Pyi TawKathmandu
22%
PodgoricaBelgradePristinaZagrebTiranaSarajevo
22%
ManilaSeoulPyongyangHanoiBeijingTaipei
22%
OuagadougouAbujaPorto-NovoLomeAccraNiamey
22%
OttawaNassauHavanaPort-au-PrinceKingstonWashington
22%
PodgoricaSkopjePristinaSarajevoSofiaTirana
22%
ParamariboPort-of-SpainSaint George'sBridgetownKingstownGeorgetown
22%
TegucigalpaSan JoseSan SalvadorGuatemala CityBelmopanManagua
22%
Nuku'alofaFunafutiPort-VilaApiaHoniaraSuva
22%
NiameyBamakoYamoussoukroLomeAccraOuagadougou
22%
SeoulPyongyangBeijingTaipeiManilaTokyo
17%
ViennaBudapestZagrebPragueLjubljanaBratislava
17%
Nuku'alofaFunafutiSuvaPort-VilaTarawaApia
17%
TbilisiYerevanTehranAshgabatBaghdadBaku
17%
ThimphuKathmanduNay Pyi TawVientianeNew DelhiDhaka
17%
VallettaTunisRomaVatican CityAlgiersTripoli
17%
San SalvadorManaguaGuatemala CityBelmopanSan JoseTegucigalpa
17%
Saint George'sPort-of-SpainKingstownCastriesRoseauCaracas
17%
Saint John'sRoseauCastriesKingstownBridgetownBasseterre
17%
TbilisiBakuBaghdadTehranAnkaraYerevan
17%
Saint George'sKingstownBridgetownCastriesRoseauPort-of-Spain
17%
ManilaDiliBandar Seri BegawanPort MoresbyTaipeiMelekeok
17%
OuagadougouConakryYamoussoukroFreetownMonroviaBamako
17%
ManilaSingaporePhnom PenhKuala LumpurJakartaBandar Seri Begawan
17%
SarajevoPristinaPodgoricaBudapestSkopjeBelgrade
17%
SanaaAddis AbabaAsmaraMogadishuKhartoumDjibouti
17%
Sao TomeMalaboYaoundeBrazzavilleKinshasaLibreville
17%
Santo DomingoKingstonNassauBasseterreCaracasPort-au-Prince
17%
SanaaDjiboutiKhartoumAddis AbabaRiyadhAsmara
17%
VaduzLuxembourgMonacoParisBrusselsBern
13%
TripoliTunisRomaVatican CityTiranaValletta
13%
VientianeDhakaBangkokHanoiThimphuNay Pyi Taw
13%
Vatican CitySan MarinoMonacoLjubljanaZagrebRoma
13%
TunisAndorra la VellaMadridMonacoRabatAlgiers
13%
VallettaTripoliVatican CityRomaAlgiersTunis
13%
SingaporeKuala LumpurBandar Seri BegawanPhnom PenhDiliJakarta
13%
TashkentKabulIslamabadBishkekAshgabatDushanbe
13%
StockholmCopenhagenTallinnHelsinkiBerlinOslo
13%
SofiaChisinauPristinaBelgradeSkopjeBucharest
13%
SkopjeTiranaSofiaPristinaPodgoricaAthens
13%
SkopjePodgoricaSofiaTiranaBelgradePristina
13%
TaipeiBandar Seri BegawanMelekeokHanoiPhnom PenhManila
13%
TashkentDushanbeAstanaIslamabadKabulBishkek
13%
SingaporePhnom PenhBangkokJakartaBandar Seri BegawanKuala Lumpur
13%
TarawaYarenPalikirFunafutiHoniaraMajuro
13%
TarawaMajuroHoniaraPalikirFunafutiYaren
13%
SkopjePristinaBucharestTiranaBelgradeSofia
13%
WashingtonNassauHavanaPort-au-PrinceSanto DomingoOttawa
9%
VilniusRigaKievWarsawTallinnMinsk
9%
VilniusTallinnHelsinkiMinskStockholmRiga
9%
VientianePhnom PenhNay Pyi TawHanoiKuala LumpurBangkok
9%
SuvaApiaFunafutiPort-VilaWellingtonNuku'alofa
9%
SuvaApiaTarawaNuku'alofaPort-VilaFunafuti
9%
ViennaBerlinBratislavaBudapestLjubljanaPrague
9%
TehranBakuDushanbeTashkentKabulAshgabat
9%
SuvaHoniaraFunafutiNuku'alofaYarenPort-Vila
9%
Vatican CityRomaLjubljanaZagrebMonacoSan Marino
9%
YerevanBakuTehranBaghdadAnkaraTbilisi
4%
VilniusMinskBerlinPragueBratislavaWarsaw
4%
YarenPort-VilaPort MoresbyPalikirTarawaHoniara
4%
YarenMajuroTarawaHoniaraPort MoresbyPalikir
4%
ZagrebViennaSan MarinoBratislavaBudapestLjubljana
0%
WellingtonPort-VilaPort MoresbyHoniaraSuvaCanberra
0%
YaoundeLibrevilleSao TomeAbujaPorto-NovoMalabo
0%
YaoundeN'DjamenaBrazzavilleKinshasaMalaboBangui
0%

Score Distribution

Percentile by Number Answered

Percent of People with Each Score

Your Score History

You have not taken this quiz